Monnaies du monde 1 : Dollars, pesos et autres monnaies communes à plusieurs pays - Statistiques

Statistiques générales
  • Ce quiz a été pris 33 fois
  • Le résultat moyen est 14 sur 45
Statistiques - réponses
Monnaie Pays % Correct
Rouble Russie
77%
Peso Argentine
73%
Rouble Bielorussie
58%
Dollar Canada
58%
Dollar Australie
54%
Dollar Antigua et Barbuda
50%
Dollar Barbade
50%
Peso Chili
50%
Peso Colombie
50%
Dollar Etats-Unis
50%
Peso Mexique
50%
Peso Uruguay
50%
Dollar Dominique
42%
Dollar Belize
38%
Dollar Fidji
31%
Dollar Grenade
31%
Dollar Sainte-Lucie
31%
Peso Cuba
27%
Dollar Saint-Christophe et Nieves
27%
Dollar Saint-Vincent et les Grenadines
27%
Dollar Trinité et Tobago
27%
Dollar Brunei
23%
Dollar Equateur
23%
Dollar Kiribati
23%
Dollar Micronésie
23%
Dollar Nouvelle Zélande
23%
Peso Philippines
23%
Dollar Salomon
23%
Dollar Tuvalu
23%
Dollar Guyana
19%
Kwacha Malawi
19%
Dollar Marshall
19%
Dollar Nauru
19%
Dollar Palaos
19%
Kwacha Zambie
19%
Dollar Zimbabwe
19%
Dollar Liberia
15%
Dollar Panama
15%
Peso République dominicaine
15%
Dollar Suriname
15%
Dollar Namibie
12%
Dollar Timor oriental
12%
Dollar Salvador
8%
Dollar Singapour
8%
Dollar Taiwan
8%
Aucun quiz correspondant
Distribution des résultats
% des personnes avec chaque résultat
Percentile par nombre de réponses
Votre historique - résultats
Vous n’avez pas pris ce quiz